00443nam a2200133Ia 4500008004100000020001800041100001900059245006800078260002500146440001600171650001700187650006100204856004400265171212s9999 xx 000 0 und d a9781845454180 aGemunden, Gerd cGemunden, GerdaA Foreign AffairbBilly Wilder's American Films bBerghahn Booksc2008 aFilm Europa aFilm Studies aWilder, Billy, 1906-2002 -- Criticism and interpretation uhttp://www.jstor.org/stable/j.ctt9qcq5c